00803nam a2200157 a 4500008004100000050002000041100001500061245002200076260004100098300002100139350000900160995015300169995015300322995015300475999001700628120416s1982 ||||||||||||||||| || u aQA 76.73.B3 Smi aSmith, P.D10aBASIC hydraulics. aLondonbButterworth Scientificc1982 a[6] 156p. : ill. a0.00 aANNEX COLLECTION (Main Library)D0.00e713180FCBU-MAIN LIBRARY (Kitwe)H2I7.50jQA 76.73.B3 SmiM3UAVAILABLEy013468ZAnnex Low-Usage Collection  aANNEX COLLECTION (Main Library)D0.00e713183FCBU-MAIN LIBRARY (Kitwe)H3I7.50jQA 76.73.B3 SmiM1UAVAILABLEy012958ZAnnex Low-Usage Collection  aANNEX COLLECTION (Main Library)D0.00e713182FCBU-MAIN LIBRARY (Kitwe)H1I7.50jQA 76.73.B3 SmiM2UAVAILABLEy013467ZAnnex Low-Usage Collection  c84558d84558